|
|
|
|
| LEADER |
01499nam a2200361 a 4500 |
| 001 |
000020691 |
| 003 |
CZ BrMZK |
| 005 |
20200403160815.0 |
| 007 |
ta |
| 008 |
950313s1994 xr f cze d |
| 015 |
|
|
|a cnb000095107
|
| 020 |
|
|
|a 80-7040-096-X
|
| 040 |
|
|
|a BOA001
|b cze
|
| 080 |
|
|
|a 808.50-02-4(075.8)
|2 MRF
|
| 080 |
|
|
|a 808.50-02-55(075.8)
|2 MRF
|
| 100 |
1 |
|
|a Janečková, Marie,
|d 1949-
|7 xx0006779
|4 aut
|
| 245 |
1 |
0 |
|a Staročeské hláskosloví a tvarosloví /
|c Marie Janečková
|
| 250 |
|
|
|a 2. rozš. vyd.
|
| 260 |
|
|
|a České Budějovice :
|b Jihočeská univerzita,
|c 1994
|
| 300 |
|
|
|a 62 s.
|
| 500 |
|
|
|a Určeno pro posl. fak. pedag.
|
| 504 |
|
|
|a Obsahuje bibliografii
|
| 500 |
|
|
|a Dostupné též v digitální podobě v aplikaci Kramerius
|
| 653 |
0 |
|
|a staročeská mluvnice
|a staročeské hláskosloví
|a staročeské tvarosloví
|a staročeština
|
| 710 |
2 |
|
|a Jihočeská univerzita.
|b Pedagogická fakulta
|7 kn20010710222
|
| 856 |
4 |
1 |
|u http://www.digitalniknihovna.cz/mzk/uuid/uuid:ca56c6c0-897c-11f0-9c4b-5ef3fc9bb22f
|y Digitalizovaný dokument
|x NDK
|
| 910 |
|
|
|a BOA001
|b 2-1008.736
|b PK-0128.524
|
| 920 |
|
|
|a 000240121
|
| 962 |
|
|
|a 808.50
|
| 964 |
|
|
|a Staročeština
|x hláskosloví
|x tvarosloví
|x učebnice
|x školy vysoké
|
| 990 |
|
|
|a BK
|
| 996 |
6 |
|
|b 2610020996
|c 2-1008.736
|l MZK
|r Sklad / do 1 hodiny
|n 16
|p p.v.
|w 000020691
|u 000010
|a 1
|e BOA001
|j MZK50
|s P
|
| 996 |
7 |
|
|b 3119009734
|c PK-0128.524
|l MZK
|r Sklad / do 1 hodiny
|n 28
|p kup
|w 000020691
|u 000020
|a 1
|e BOA001
|j MZK50
|s A
|